Хубавият жълт Дунав (Запис номер 439874)
[ съкратено ]
| 000 -Лидер | |
|---|---|
| Контролно поле с фиксирана дължина | 01280nam a2200349 c 4500 |
| 003 - Код на организацията, давaща контролен номер | |
| Контролно поле | BLK |
| 005 - Дата и час на последна редакция | |
| Контролно поле | 20240628143954.0 |
| 008 - Елементи от данни с фиксирана дължина | |
| fixed length control field | 180410b bul|||||r ||||||| ||bul|| |
| 010 ## - Наследен системен номер | |
| LC control number | KNG00166514000 |
| 020 ## - Международен стандартен номер на книга ISBN | |
| Международен стандартен номер на книга ISBN | 9786190109235 |
| 040 ## - Източник на каталожния запис | |
| Идентификатор на билиотеката - собственик на записа | BLK |
| 041 ## - Код за език | |
| Код за езика на текст/звукозапис или на отделно заглавие | Български |
| Код за езика КДБФ | Български |
| 072 #7 - Код за тематичната категория | |
| Код организация | bullib |
| Код за тематична категория | К |
| Текст | Краезнание |
| 080 ## - УДК | |
| Текстов определител УДК | Френска литература |
| УДК код - определител по УДК | 821.133.1 |
| УДК определител | -31 |
| УДК - код + определител | 821.133.1-31 |
| 100 ## - Редна дума - Автор | |
| Автор | Верн, Жул |
| Авторска отговорност | първи автор |
| R(LIN) | 263632 |
| 139 ## - Редно поле | |
| Редна дума | Верн, Жул |
| Авторски знак | Верн - В 50 |
| 245 10 - Сведения за заглавието | |
| Заглавие | Хубавият жълт Дунав |
| Подзаглавни данни | Роман |
| Редно поле (дума) | Жул Верн; прев. от фр. Недка Капралова. |
| 257 ## - Страна на издаване | |
| Страна на създаване/издаване | България |
| 260 ## - Област на издателските данни | |
| Място на издаване, разпространение и проч. | София |
| Име на издателя, разпространителя и проч. | Изток-Запад |
| Година на издаване | 2021 |
| 9 (RLIN) | 210881 |
| Издателство - префикс ISBN | 978-619-01- ; 978-619-152- ; 978-954-321- ; 954-8945- |
| 300 ## - Физическа характеристика | |
| Страници | 191 с. |
| Размери/Мащаб | 21 см |
| 380 ## - Жанр | |
| Жанр | Худож. лит. |
| 500 ## - Общи забележки | |
| Забележка | Ориг. загл. Le beau Danube jaune / Lules Verne. - 1. изд. със заглавия Дунавския лодкар |
| 653 ## - Ключова дума – ненормативна | |
| Ключова дума | Русчук |
| 659 ## - Тематичен бюлетин | |
| Тематичен бюлетин | К |
| 700 ## - Други автори (авторска отговорност) | |
| Лично име | Капралова, Недка Неделчева |
| Автороска отговорност (Описва отношението между автора и произведението) | прев. от фр. |
| 9 (RLIN) | 251574 |
| 852 ## - Местоположение | |
| Форматна сигнатура | К 821/В 50 Ж |
| 856 4# - Електронен адрес и достъп | |
| Електронен формат | pdf - файл |
| 856 4# - Електронен адрес и достъп | |
| Електронен формат | pdf - файл |
| 999 ## - СИСТЕМНИ КОНТРОЛНИ НОМЕРА | |
| Koha biblionumber | 439874 |
| Koha biblioitemnumber | 439874 |
| 942 ## - АРТИКУЛИ | |
| Вид на библиотечния материал | Книги |
| Скрит в OPAC | Не |
| Koha issues (borrowed), all copies | 37 |
| Периодичен библиозапис | Да |
| 944 ## - СЪЗДАВАНЕ И РЕДАКЦИЯ на ЗАПИСА | |
| Служител, извършил регистрацията/редакцията | 30564 |
| Статус, дата на статуса | Галина Якимова |
| 999 ## - СИСТЕМНИ КОНТРОЛНИ НОМЕРА | |
| Koha biblioitemnumber | 439874 |
| Код за отписване | Код за изгубен артикул | Източник на класификационната схема | Код за повреда | Коз за рестрикции | Код за отдаване | Артикулен № | Име на библиотеката - собственик | Име на библиотеката, в която се намира в момента | Статус (Текущо местоположение) | Дата на вписване в системата | Местоположение - отдел | Цена в лева | Систематично азбучна сигнатура | Баркод | Цена в евро | Служебен тип на артикула |
|---|---|---|---|---|---|---|---|---|---|---|---|---|---|---|---|---|
| Не е изгубен | Universal Decimal Classification | Не е повреден | без рестрикции | заемане за дома | 865445 | Регионална библиотека "Любен Каравелов" Русе | Регионална библиотека "Любен Каравелов" Русе | Заемна - подръчен фонд | 2021-12-16 | Заемна - подръчен фонд | 10.50 | 821-31/В 50 Ж | 120000863270 | 5.37 | Книги | |
| Не е изгубен | Universal Decimal Classification | Не е повреден | без рестрикции | заемане за дома | 865446 | Регионална библиотека "Любен Каравелов" Русе | Регионална библиотека "Любен Каравелов" Русе | Заемна - подръчен фонд | 2021-12-16 | Заемна - подръчен фонд | 10.50 | 821-31/В 50 Ж | 120000863269 | 5.37 | Книги | |
| Не е изгубен | Universal Decimal Classification | Не е повреден | само за читалня | ползва се в читалня | 865447 | Регионална библиотека "Любен Каравелов" Русе | Регионална библиотека "Любен Каравелов" Русе | Краезнание | 2021-12-16 | Краезнание | 10.50 | К 821-31/В 50 Ж | 120000863271 | 5.37 | Книги | |
| Не е изгубен | Universal Decimal Classification | Не е повреден | само за читалня | ползва се в читалня | 902942 | Регионална библиотека "Любен Каравелов" Русе | Регионална библиотека "Любен Каравелов" Русе | Хранилище | 2022-09-05 | Хранилище | 14.00 | Цб 313721 | 120000875763 | 7.16 | Книги |